00839cam a2200265 i 4500003000700000005001700007008004100024020001800065040002100083041000800104082002000112100002400132245010500156250001200261260006100273300003000334336002600364504005100390650003000441650002800471650002000499700002100519700002600540856000700566IMU CC20260223094039.0151201s2016 enka b 001 0 eng  a9781118933282 aIMU CCbengerda0 aeng00223a621.81bWAL1 aWaldron, Kenneth J.10aKinematics, dynamics, and design of machinery /cKenneth J. Waldron; Gary L. Kinzel; Sunil K. Agrawa a3rd ed. aChichester, West Sussex, United Kingdom :bWiley,c2016. axiv, 703 p.:bill;c29 cm atextbtxt2rdacontent aIncludes bibliographical references and index. 0aMachinery, Kinematics of. 0aMachinery, Dynamics of. 0aMachine design.1 aKinzel, Gary L.,1 aAgrawal, Sunil Kumar. yBK